Tragedi Balak Terapung / (Record no. 127760)

MARC details
000 -LEADER
fixed length control field 00845nam a2200277 ia4500
001 - CONTROL NUMBER
control field C2-0328372
003 - CONTROL NUMBER IDENTIFIER
control field PPAK
005 - DATE AND TIME OF LATEST TRANSACTION
control field 20201201123444.0
008 - FIXED-LENGTH DATA ELEMENTS--GENERAL INFORMATION
fixed length control field 140813s2007 my a jr | 0 1 may d
020 ## - INTERNATIONAL STANDARD BOOK NUMBER
International Standard Book Number 9832914124
Qualifying information set
International Standard Book Number 9789832914129
Qualifying information paperback
040 ## - CATALOGING SOURCE
Original cataloging agency PPAK
Language of cataloging eng
Transcribing agency PPAK
Description conventions rda
082 04 - DEWEY DECIMAL CLASSIFICATION NUMBER
Classification number 899.2333
Edition number 23
090 00 - LOCALLY ASSIGNED LC-TYPE CALL NUMBER (OCLC); LOCAL CALL NUMBER (RLIN)
Classification number (OCLC) (R) ; Classification number, CALL (RLIN) (NR) 899.2333
Feature heading MIO
Feature heading K
100 0# - MAIN ENTRY--PERSONAL NAME
Personal name Mior Kamarul Shahid,
Relator term author.
245 10 - TITLE STATEMENT
Title Tragedi Balak Terapung /
Statement of responsibility, etc. Mior Kamarul Shahid
264 #1 - PRODUCTION, PUBLICATION, DISTRIBUTION, MANUFACTURE, AND COPYRIGHT NOTICE
Place of production, publication, distribution, manufacture Petaling Jaya, Selangor :
Name of producer, publisher, distributor, manufacturer Abadi Ilmu Sdn. Bhd.,
Date of production, publication, distribution, manufacture, or copyright notice 2007
300 ## - PHYSICAL DESCRIPTION
Extent 28 pages :
Other physical details colour illustrations ;
Dimensions 21 cm
336 ## - CONTENT TYPE
Source rdacontent
Content type term text
337 ## - MEDIA TYPE
Source rdamedia
Media type term unmediated
338 ## - CARRIER TYPE
Source rdacarrier
Carrier type term volume
490 1# - SERIES STATEMENT
Series statement Siri Koleksi KISAH BENAR
650 10 - SUBJECT ADDED ENTRY--TOPICAL TERM
Topical term or geographic name entry element Children's stories, Malay.
830 #0 - SERIES ADDED ENTRY--UNIFORM TITLE
Uniform title Siri koleksi kisah benar
942 ## - ADDED ENTRY ELEMENTS (KOHA)
Koha item type Book
Source of classification or shelving scheme Dewey Decimal Classification
Holdings
Withdrawn Not for loan Current library Shelving location Date acquired Full call number Barcode Date last seen Koha item type
    Bergerak 4, Sungai Petani Pinjaman Kanak-kanak 02/12/2020 K 899.2333 MIO A00740424 02/12/2020 Book
    Bergerak 5, Kulim Pinjaman Kanak-kanak 09/09/2015 K 899.233 MIO A00876011 09/05/2018 Book
    PD04, Kg. Bukit Nambua, Kuala Nerang Pinjaman Kanak-kanak 14/03/2017 K 899.233 MIO A00731025 09/05/2018 Book
    PD13, KEDA Lahar Tunjung, Pendang Pinjaman Kanak-kanak 18/08/2014 K 899.233 MIO A00871033 09/05/2018 Book